Fizyczne wielkości pochodne o nazwie specjalnej - Statystyki

Ogólne statystyki
  • Ten quiz został rozwiązany 64 razy
  • Średni wynik to 14 z 22
Statystyki odpowiedzi
Nazwa jednostka Symbol % Poprawnych
moc wat W
96%
ciśnienie paskal Pa
93%
częstotliwość herc Hz
91%
potencjał elektryczny wolt V
91%
energia dżul J
89%
siła niuton N
89%
rezystancja om omega
89%
kąt płaski radian rad
87%
ładunek elektryczny kulomb C
78%
strumień świetlny lumen lm
69%
pojemnośc elektryczna farad F
67%
indukcja magnetyczna tesla T
64%
strumień magnetyczny weber Wb
58%
natężenie oświetlenia luks lx
51%
równoważnik dawki pochłoniętej siwert Sv
49%
kąt bryłowy steradian sr
47%
temperatura Celsjusza stopień Celsjusza C
47%
aktywność radionuklidu bekerel Bq
44%
dawka pochłonięta grej Gy
44%
aktywność katalityczna katal kat
38%
indukcyjność henr H
36%
konduktancja siemens S
33%
Nie znaleziono quizów pasujących do podanych kryteriów
Rozkład punktacji
Procent ludzi z każdym wynikiem
Percentyl według liczby udzielonych odpowiedzi
Twoja historia wyników
Nie rozwiązałeś tego quizu